Xác định hàm lượng một số nguyên tố vi lượng và đất hiếm trong đất trồng lúa một bụi đó ở huyện Hồng Dân ,Bạc Liêu Luận văn thạc Hóa học. Chuyên ngành: Hóa Vô cơ. Mã số: 60 44 25

Kaydedildi:
Detaylı Bibliyografya
Yazar: Đặng, Việt Quân
Diğer Yazarlar: Nguyễn Quốc Thắng (Hướng dẫn)
Materyal Türü: Tez Set Kitap
Baskı/Yayın Bilgisi: Vinh Đại học Vinh 2013
Konular:
Etiketler: Etiketle
Etiket eklenmemiş, İlk siz ekleyin!
Thư viện lưu trữ: Trung tâm Học liệu Lê Vũ Hùng, Trường Đại học Đồng Tháp
LEADER 01246ppm a22003018a 4500
001 00036453
005 20171026081025.0
008 170302s2013 ||||||Viesd
041 0 # |a Vie 
082 1 4 |a 546  |b X101Đ 
100 1 # |a Đặng, Việt Quân 
245 0 0 |a Xác định hàm lượng một số nguyên tố vi lượng và đất hiếm trong đất trồng lúa một bụi đó ở huyện Hồng Dân ,Bạc Liêu  |b Luận văn thạc Hóa học. Chuyên ngành: Hóa Vô cơ. Mã số: 60 44 25  |c Đặng Việt Quân ; Nguyễn Quốc Thắng (hướng dẫn) 
260 # # |a Vinh  |b Đại học Vinh  |c 2013 
300 # # |a 63tr.  |c 30cm. 
500 # # |a ĐTTTS ghi: Bộ giáo dục và đào tạo. Đại học Vinh 
653 # # |a Hàm lượng 
653 # # |a Hóa vô cơ 
653 # # |a Đất trồng 
653 # # |a Vi lượng 
653 # # |a Luận văn 
700 1 # |e Hướng dẫn  |a Nguyễn Quốc Thắng 
852 # # |j LV.0000773 
852 # # |b Kho đọc SĐH  |j LV.0000773 
910 |d 02/03/2017 
980 # # |a Trung tâm Học liệu Lê Vũ Hùng, Trường Đại học Đồng Tháp